000 01343nam a2200241 i 4500
001 187781
003 ES-MaACL
005 20230906223028.0
008 180221m19691970sp |||| | spa d
100 1 _aMaertens, Thierry.
_9184379
245 1 0 _aNueva guía de la asamblea cristiana /
_cThierry Maertens y Jean Frisque ; [traducción de Florentino Pérez].
260 _aMadrid :
_bMarova,
_c1969-1970.
300 _a8 v. ;
_c21 cm.
490 1 _aChristus Pastor
505 8 _aI. Primer domingo de Adviento al primer domingo de Epifanía (329 p.) - II. Primera a octava semanas y segundo a octavo domingos. Tiempo "per anuum" (373 p.) - III. Semana de Ceniza a Domingo de Pascua (327 p.) - IV. Tiempo Pascual, Trinidad, Corpus Christi, Sagrado Corazón (357 p.) - V. 9º a 21º domingo después de Pentecostés (327 p.) - VI. 9ª a 21ª primera semana tiempo "per annum" (325 p.) - VII. Vigésimo segundo al trigésimo cuarto domingo después de Pentecostés (321 p.) - VIII. Vigésimo segunda a trigésimocuarta y última semana. Tiempo "per annum" (297 p.)
650 0 4 _aSermones para el año litúrgico.
_917056
650 0 4 _aAño litúrgico.
_99903
700 1 _aPérez, Florentino.
_990573
700 1 _aFrisque, Jean.
_952687
830 0 _aChristus Pastor
_9182711
852 _aES-MaACL
_jC-55248-55
999 _c187781
_d187781